000 00250pab a2200109 454500
008 180718b xxu||||| |||| 00| 0 eng d
100 _aSimha, S.L.N
245 _aBudget: some thoughts
650 _aFinance
773 _aFinancial Express
909 _a24086
999 _c24086
_d24086